[Event "6. Lovsprings EMT Basis 2 1994"]
[Site "Ringsted"]
[Date "1994.05.22"]]
[Round "7"]
[White "Pedersen, Allan"]
[Black "Kjaer, Thomas"]
[Result "1/2-1/2"]
[WhiteElo "1718"]
[BlackElo "1558"]
[PlyCount "54"]
[EventDate "1994.??.??"]

1. d4 Nf6 2. c4 e5 3. dxe5 Ng4 4. Nf3 Bc5 5. e3 Nc6 6. Be2 Qe7 7. Nc3 a5 8. Nd5
Qd8 9. Bd2 Ngxe5 10. O-O O-O 11. Bc3 Re8 12. Qd2 Nxf3+ 13. Bxf3 Ne5 14. Be2 c6
15. Nf4 b6 16. Rfd1 Ra7 17. Bxe5 Rxe5 18. Nd3 Rg5 19. Nxc5 bxc5 20. Qd6 Rb7 21.
Rd2 Qf8 22. b3 Rg6 23. Qd3 d5 24. cxd5 cxd5 25. Rad1 Be6 26. Bf3 Rd7 27. Qb5
Qd8 1/2-1/2

[Event "6. Lovsprings EMT Basis 2 1994"]
[Site "Ringsted"]
[Date "1994.05.22"]]
[Round "7"]
[White "Sorensen, Lindved"]
[Black "Jensen, Dan Bronnum"]
[Result "0-1"]
[WhiteElo "1683"]
[BlackElo "1561"]
[PlyCount "90"]
[EventDate "1994.??.??"]

1. Nf3 Nf6 2. b3 g6 3. Bb2 Bg7 4. e4 d6 5. Bc4 O-O 6. d3 Bd7 7. O-O b5 8. Bd5
c6 9. Bxf6 exf6 10. Nc3 cxd5 11. Nxd5 Be6 12. Ne3 d5 13. Qe2 d4 14. Nd1 Bg4 15.
a4 b4 16. h3 Bxf3 17. Qxf3 Nc6 18. Qe2 Re8 19. Qd2 a5 20. f4 Qc7 21. Nb2 Ne7
22. Nc4 Nc8 23. Qf2 Qc5 24. Rad1 Nd6 25. Nb2 Qc3 26. Nc4 Nxc4 27. dxc4 Rxe4 28.
Rd3 Qb2 29. Rfd1 f5 30. Qf1 Rae8 31. c5 Qxc2 32. Rc1 Qxc1 33. Qxc1 Re1+ 34.
Qxe1 Rxe1+ 35. Kf2 Rc1 36. g4 fxg4 37. hxg4 Rxc5 38. Kf3 f5 39. gxf5 Rxf5 40.
Ke4 Rc5 41. Kf3 Kf7 42. Ke4 Ke6 43. Rh3 Rc3 44. Rf3 Rxf3 45. Kxf3 Kd5 0-1

[Event "6. Lovsprings EMT Basis 2 1994"]
[Site "Ringsted"]
[Date "1994.05.22"]]
[Round "7"]
[White "Sorensen, Rasmus Moller"]
[Black "Eckert, Svend"]
[Result "1/2-1/2"]
[WhiteElo "1579"]
[BlackElo "1665"]
[PlyCount "30"]
[EventDate "1994.??.??"]

1. e4 c5 2. Bc4 Nc6 3. d3 Na5 4. Bb3 Nxb3 5. axb3 b5 6. Nc3 b4 7. Nce2 Bb7 8.
Ng3 g6 9. N1e2 Bg7 10. O-O d6 11. c4 Nf6 12. f4 e6 13. Ra2 h5 14. h3 h4 15. Nh1
Nh5 1/2-1/2